Utopía y realidad del Derecho Internacional Humanitario en Cosme de la Torriente y Peraza entre 1917 y 1920 /
En el artículo se examina la relación entre la utopía y la realidad del Derecho Internacional Humanitario (DIH) durante el periodo comprendido entre 1917 y 1920, centrándose en la figura de Cosme de la Torriente y Peraza. El autor analiza cómo el DIH, que busca proteger a las víctimas de los conflic...
Wedi'i Gadw mewn:
| Prif Awdur: | |
|---|---|
| Awduron Eraill: | |
| Fformat: | Llyfr |
| Iaith: | Spanish |
| Pynciau: | |
| Mynediad Ar-lein: | texto completo desde el sitio de la revista |
| Tagiau: |
Ychwanegu Tag
Dim Tagiau, Byddwch y cyntaf i dagio'r cofnod hwn!
|
MARC
| LEADER | 00000nam a22000007a 4500 | ||
|---|---|---|---|
| 003 | cru CIDCACS/IIS | ||
| 005 | 20230903071539.0 | ||
| 007 | ta | ||
| 008 | 190920t2018 cr |||p|r||||||0| ||spa|d | ||
| 040 | |c cru CIDCACS/IIS | ||
| 100 | 1 | |a Sarmiento Blanco, Paul |9 8561 | |
| 245 | 1 | |a Utopía y realidad del Derecho Internacional Humanitario en Cosme de la Torriente y Peraza entre 1917 y 1920 / |c Paul Sarmiento Blanco, Leidiedis Góngora Cruz | |
| 300 | |a páginas | ||
| 520 | |a En el artículo se examina la relación entre la utopía y la realidad del Derecho Internacional Humanitario (DIH) durante el periodo comprendido entre 1917 y 1920, centrándose en la figura de Cosme de la Torriente y Peraza. El autor analiza cómo el DIH, que busca proteger a las víctimas de los conflictos armados y garantizar el respeto por los derechos humanos, fue concebido como una utopía en contraste con las dificultades y realidades prácticas que enfrentaba en ese periodo histórico. Se exploran los ideales y principios del DIH defendidos por Cosme de la Torriente y Peraza, así como las limitaciones y desafíos para su implementación efectiva en un contexto marcado por la Primera Guerra Mundial y las tensiones geopolíticas de la época. El artículo reflexiona sobre las contradicciones y tensiones inherentes al DIH y la necesidad de encontrar un equilibrio entre las aspiraciones utópicas y las realidades prácticas en la promoción y aplicación de este cuerpo de normas internacionales.RAR 04/2023 | ||
| 650 | 0 | |2 OCDE |9 4604 |a UTOPÍA | |
| 650 | 0 | |2 OCDE |9 38 |a DERECHOS HUMANOS | |
| 650 | 0 | |2 OCDEOCDE |9 11649 |a DESAFIOS | |
| 650 | 0 | |2 OCDE |9 11652 |a PROMOCION | |
| 650 | 0 | |2 OCDE | |
| 700 | 1 | |a Góngora Cruz, Leidiedis |9 8562 | |
| 773 | 0 | |0 18728 |9 2924 |a Universidad de Costa Rica |d San José, Costa Rica Editorial UCR 1956- |o 17072 |t Revista de Ciencias Sociales/ |x 04825276 | |
| 856 | |u https://revistas.ucr.ac.cr/index.php/sociales/article/view/34815/34378 |y texto completo desde el sitio de la revista | ||
| 942 | |2 ddc |c PP | ||
| 999 | |c 42386 |d 42386 | ||
